Erna Masarovičová

Bibliographic Details
Main Author: Archlebová, Tamara, 1951- (Author)
Format: Article
Language:Slovak
PhysicalDescription:Obr. 7.
Subjects:

MARC

LEADER 00000nab a2200000 a 4500
001 vtls000115113
003 SK-MaSNL
005 20260304071005.0
008 250422c1982 xo 0 slo
015 |a SNBRB19rr/mm-uuuuu 
035 |a CL0125217 
035 |a urn:nbn:sk:snk-ab34f 
035 |a (urnnbn)urn:nbn:sk:snk:ar-0054rr 
035 |a (uuid)7be75a9a-b27a-448c-9f3d-ca07077d38c2 
040 |a SNKBUCL  |b slo  |c SNKBUCL  |e AACR2 
041 0 |a slo 
044 |a xo  |c SK 
080 |a 730  |2 1981 
080 |a 739  |2 1981 
100 1 |a Archlebová, Tamara,  |d 1951-  |4 aut  |9 109883 
245 1 0 |a Erna Masarovičová  |c Tamara Archlebová 
300 |b Obr. 7. 
600 1 7 |a Masarovičová, Erna,  |d 1926-2008  |2 snkbucl  |9 178606 
655 7 |a články z novín a časopisov  |2 snkbucl  |9 267496 
773 0 |t Výtvarný život  |g Roč. 27, č. 4 (1982), s. 31-33 
850 |a Slovenská národná knižnica 
852 |a Slovenská národná knižnica 
954 |a odborná, vedecká literatúra pôvodná (slovenská)  |2 lita 
958 |a article27 
958 |a RK 
958 |a OND 
958 |a EUIPO 
992 |a RBX 
999 |c 2758324  |d 2760254